Statistics for Canada or Norway

Click here to take the quiz!

General Stats

  • This quiz has been taken 29 times
  • The average score is 9 of 15

Answer Stats

QuestionAnswer% Correct
With the greater populationCanada
96%
With a capital city starting with 'O'Both
88%
With the most total Olympic MedalsNorway
85%
With a higher GDP per capitaNorway
85%
With the highest mountainCanada
77%
With a colder average annual temperatureCanada
73%
To be settled by VikingsBoth
65%
With skiing as a national sportNorway
62%
With the southernmost pointCanada
58%
With a KingBoth
50%
To share a border with DenmarkCanada
46%
Exports more oilCanada
42%
Has won a FIFA Women's World CupNorway
38%
With the higher median ageCanada
31%
With a higher percentage of population proficient in EnglishNorway
12%

Score Distribution

Percentile by Number Answered

Percent of People with Each Score

Your Score History

You have not taken this quiz